000 00587nam a2200181Ia 4500
005 20250508153836.0
008 008 250505s9999 xx 000 0 ger d
037 _aBooks to be hide in OPAC
040 _aFEDL
_beng
_cFEDL
041 _ager
_2eng
084 _a607, LEH/O
_qFEDL
100 _aHandbuch Ein
_9764544
245 0 _aDie laufbahnen der techniker im deutschen reiche, in den bundesstaaten, in der schweiz und in Ostreich
260 _aVerlag, Germany
_bDiercksen and Wichlein
300 _axiii,686p.
942 _cHB
_h607, LEH/O
999 _c1345884
_d1345884